| 000 | 00886cam a2200205 i 4500 | ||
|---|---|---|---|
| 005 | 20251117113533.0 | ||
| 008 | 250721s2008 jo gr 000 0 ara d | ||
| 020 | _a9789957452469 | ||
| 082 | 1 | 4 |
_a210.4213343 _bم ح م |
| 100 | 1 |
_aمحمود، أمجد عبد الرؤوف محمود _eمؤلف. |
|
| 245 | 1 | 0 |
_aأمراض العصر المستعصية وكيفية علاجها بالرقية الشرعية : _b(المس ، السحر ، الحسد ، الصرع ) / _cتأليف الشيخ المعالج أمجد عبد الرؤوف محمود محمود. |
| 250 | _aالطبعة الأولى. | ||
| 264 | 3 | 1 |
_aعمان : _bدار البداية ناشرون وموزعون، _c2008. |
| 300 | _a212 صفحة. | ||
| 650 | 1 | 7 | _aالاسلام. |
| 650 | 1 | 7 | _aالسحر والتنجيم. |
| 650 | 1 | 7 | _aالتحريم. |
| 942 |
_2ddc _cBK |
||
| 999 |
_c111034 _d111034 |
||